[Event "XXXV C.to Italiano Seniores"]
[Site "Arco ITA"]
[Date "2013.04.12"]
[Round "1"]
[White "Menon, Michele"]
[Black "Laco, Giuseppe"]
[WhiteElo "1749"]
[BlackElo "2073"]
[Result "0-1"]
[PlyCount "36"]
[EventDate "2013.04.12"]

1. Nf3 c5 2. c4 g6 3. Nc3 Bg7 4. g3 Nc6 5. Bg2 d6 6. O-O e5 7. d3 Nge7 8. Rb1
O-O 9. a3 h6 10. Nd5 Nxd5 11. cxd5 Ne7 12. e4 g5 13. b4 b6 14. Nd2 Ng6 15. Nb3
Bd7 16. Bd2 Qc8 17. bxc5 dxc5 18. Qh5 Bg4 0-1

[Event "XXXV C.to Italiano Seniores"]
[Site "Arco ITA"]
[Date "2013.04.12"]
[Round "1"]
[White "Modena, Giorgio"]
[Black "Maestri, Roberto"]
[WhiteElo "1934"]
[BlackElo "1651"]
[Result "1-0"]
[PlyCount "81"]
[EventDate "2013.04.12"]

1. e4 d6 2. d4 Nf6 3. Bd3 Nc6 4. c3 e5 5. Ne2 g6 6. Qb3 Bg7 7. O-O O-O 8. Nd2
Nh5 9. d5 Ne7 10. h3 b6 11. Nf3 a5 12. Bd2 Bd7 13. Kh2 c6 14. dxc6 Bxc6 15. Be3
Rb8 16. Nd2 Qc7 17. c4 Kh8 18. Nc3 Rb7 19. Rac1 Qb8 20. Nd5 Nxd5 21. cxd5 Bd7
22. Bb5 Rd8 23. Rc2 Nf4 24. Rfc1 f5 25. f3 Bf8 26. g3 Nh5 27. Bc6 f4 28. gxf4
exf4 29. Bd4+ Bg7 30. Bxg7+ Kxg7 31. Bxb7 Qxb7 32. Rc7 Qb8 33. Qc3+ Kh6 34. Nb3
Ng3 35. Nd4 a4 36. Ne6 Bxe6 37. Qg7+ Kg5 38. Qe7+ Kh6 39. Qxh7+ Kg5 40. h4+ Kf6
41. Qg7# 1-0

[Event "XXXV C.to Italiano Seniores"]
[Site "Arco ITA"]
[Date "2013.04.12"]
[Round "1"]
[White "Pedrotti, Luciano"]
[Black "Valenti, Giuseppe"]
[WhiteElo "1800"]
[BlackElo "2191"]
[Result "0-1"]
[PlyCount "73"]
[EventDate "2013.04.12"]

1. e4 c5 2. Nf3 e6 3. d4 cxd4 4. Nxd4 a6 5. Nc3 Qc7 6. Be2 Nf6 7. Bg5 Be7 8.
O-O h6 9. Bh4 Nxe4 10. Bxe7 Nxc3 11. bxc3 Kxe7 12. Qd2 d6 13. Rfd1 Nd7 14. Nf3
Nf6 15. Qe3 Rd8 16. h3 Kf8 17. c4 b6 18. Rab1 Rb8 19. Qd4 Rd7 20. Rb3 e5 21.
Qd2 Ne4 22. Qe1 Nc5 23. Rbb1 Re7 24. Qc3 Be6 25. Nd2 Bf5 26. g4 Bg6 27. Bd3 e4
28. Bf1 e3 29. fxe3 d5 30. cxd5 Qg3+ 31. Bg2 Rxe3 32. Qc4 Bd3 33. Qxc5+ bxc5
34. Rxb8+ Qxb8 35. Nf1 Bxf1 36. Rxf1 Qe5 37. Rxf7+ 0-1

[Event "XXXV C.to Italiano Seniores"]
[Site "Arco ITA"]
[Date "2013.04.12"]
[Round "1"]
[White "Rosino, Antonio"]
[Black "Spano' Cuomo, Gaetano"]
[WhiteElo "2178"]
[BlackElo "1797"]
[Result "1-0"]
[PlyCount "41"]
[EventDate "2013.04.12"]

1. e4 c5 2. c3 d6 3. d4 Bd7 4. Nf3 g6 5. Bc4 Bg7 6. O-O e6 7. Re1 Ne7 8. Bf4
Qb6 9. Qe2 O-O 10. dxc5 dxc5 11. Na3 Nbc6 12. Rad1 Rad8 13. Bd6 Rfe8 14. Nb5
Rc8 15. Bg3 Red8 16. Nd6 Ra8 17. Ng5 Be8 18. Qf3 Ne5 19. Bxe5 Bxe5 20. Nxe8
Rxe8 21. Qxf7+ 1-0

[Event "XXXV C.to Italiano Seniores"]
[Site "Arco ITA"]
[Date "2013.04.13"]
[Round "2"]
[White "Acunzo, Domenico"]
[Black "Goli, Daniele"]
[WhiteElo "1731"]
[BlackElo "1982"]
[Result "0-1"]
[PlyCount "42"]
[EventDate "2013.04.12"]

1. e4 g6 2. d4 Bg7 3. f4 c5 4. c3 Nf6 5. e5 Nd5 6. dxc5 Nc7 7. Nf3 Ne6 8. Be3
Qc7 9. Qd5 Nc6 10. Bd3 b6 11. cxb6 axb6 12. b4 Bb7 13. Qb3 O-O 14. O-O Bh6 15.
Nd4 Nxe5 16. Nxe6 fxe6 17. Qc2 Ng4 18. Bc1 Bxf4 19. Bxf4 Rxf4 20. Bxg6 Rxf1+
21. Kxf1 Ne3+ 0-1

[Event "XXXV C.to Italiano Seniores"]
[Site "Arco ITA"]
[Date "2013.04.13"]
[Round "2"]
[White "Barlocco, Carlo"]
[Black "D'Aulisa, Francesco"]
[WhiteElo "2094"]
[BlackElo "1730"]
[Result "1-0"]
[PlyCount "77"]
[EventDate "2013.04.12"]

1. e4 d6 2. d4 e6 3. Nc3 a6 4. f4 Be7 5. Nf3 Nd7 6. Bd3 Bh4+ 7. Nxh4 Qxh4+ 8.
g3 Qd8 9. Qg4 g6 10. f5 Ndf6 11. Qh4 Nh5 12. Qxd8+ Kxd8 13. fxg6 hxg6 14. O-O
f5 15. Bg5+ Ne7 16. d5 Rf8 17. dxe6 Bxe6 18. exf5 gxf5 19. Rae1 Kd7 20. Bxe7
Kxe7 21. Nd5+ Kd7 22. Rxe6 Kxe6 23. Nxc7+ Ke7 24. Nxa8 Rxa8 25. Rxf5 Nf6 26.
Rg5 b5 27. Rg7+ Ke6 28. a3 d5 29. Kg2 Ke5 30. h4 Kd4 31. g4 Re8 32. Rg6 Ne4 33.
h5 Rf8 34. h6 Nf6 35. Rxf6 Rxf6 36. g5 Rf8 37. g6 Ke5 38. g7 Rg8 39. Bh7 1-0

[Event "XXXV C.to Italiano Seniores"]
[Site "Arco ITA"]
[Date "2013.04.13"]
[Round "2"]
[White "Beltrami, Nerio"]
[Black "Iudicello, Giovanni"]
[WhiteElo "1907"]
[BlackElo "2127"]
[Result "0-1"]
[PlyCount "96"]
[EventDate "2013.04.12"]

1. e4 e5 2. Nf3 Nc6 3. Bb5 a6 4. Bxc6 dxc6 5. O-O Bg4 6. h3 Bxf3 7. Qxf3 Bd6 8.
d3 Ne7 9. Be3 O-O 10. Nd2 f5 11. Bg5 Qd7 12. Bxe7 Bxe7 13. exf5 Rxf5 14. Qe2
Raf8 15. Ne4 Qe6 16. a3 Bd6 17. Rae1 Qg6 18. Qg4 Qf7 19. Qg3 Qa2 20. c3 b5 21.
b4 Qd5 22. Qe3 Rf4 23. f3 Be7 24. Rc1 Rd8 25. Rfd1 Qb3 26. Qe2 Qxa3 27. Ra1 Qb3
28. Qa2 Qd5 29. Qxa6 c5 30. Qxb5 cxb4 31. Qxd5+ Rxd5 32. cxb4 Bxb4 33. Kf1 Rf8
34. Ke2 Rfd8 35. Ra7 Ba5 36. Rb7 h6 37. h4 Kf7 38. h5 Bb6 39. Nc3 Ra5 40. Rd2
Ke6 41. Ra2 Rxa2+ 42. Nxa2 Kd7 43. Nb4 Ra8 44. Kd2 Kc8 45. Rxb6 cxb6 46. Nc6
Ra2+ 47. Ke3 Rxg2 48. Nxe5 Rg5 0-1

[Event "XXXV C.to Italiano Seniores"]
[Site "Arco ITA"]
[Date "2013.04.13"]
[Round "2"]
[White "Blasco, Domenico"]
[Black "Albano, Marco"]
[WhiteElo "1933"]
[BlackElo "2235"]
[Result "0-1"]
[PlyCount "125"]
[EventDate "2013.04.12"]

1. d4 Nf6 2. Nf3 e6 3. e3 b6 4. Bd3 Bb7 5. Nbd2 c5 6. O-O Be7 7. c3 Nc6 8. e4
cxd4 9. Nxd4 O-O 10. Re1 d6 11. Nf1 Re8 12. Bb5 Qc7 13. Qa4 Rec8 14. Bxc6 Bxc6
15. Nxc6 Qxc6 16. Qxc6 Rxc6 17. Bg5 h6 18. Bh4 Rac8 19. a4 g5 20. Bg3 Nd7 21.
Red1 Nc5 22. f3 h5 23. Bf2 Nb3 24. Ra3 Na5 25. Ra2 Kh7 26. Ne3 Kg6 27. Nc2 Rd8
28. Nd4 Rcc8 29. h3 d5 30. exd5 Rxd5 31. Re1 e5 32. Nb5 Rd2 33. Nxa7 Rxc3 34.
bxc3 Rxa2 35. Bxb6 Nc4 36. a5 Nxb6 37. axb6 Bc5+ 38. Kh2 Bxb6 39. Nc6 f6 40.
Ne7+ Kf7 41. Nd5 Bf2 42. Rd1 Rc2 43. Kh1 h4 44. Kh2 f5 45. Kh1 e4 46. fxe4 fxe4
47. Nb4 Rb2 48. Rf1 Kg7 49. Kh2 Rd2 50. Nc6 e3 51. Nd4 Bg3+ 52. Kh1 e2 53. Nxe2
Rxe2 54. Rc1 Bf4 55. Rb1 Rc2 56. Kg1 Bg3 57. Kf1 Kf6 58. Rb5 Rxc3 59. Ke2 Rc2+
60. Kf3 Rf2+ 61. Kg4 Bf4 62. Rb6+ Ke7 63. Kf5 0-1

[Event "XXXV C.to Italiano Seniores"]
[Site "Arco ITA"]
[Date "2013.04.13"]
[Round "2"]
[White "Bonfa', Ileano"]
[Black "De Polzer, Manfredi"]
[WhiteElo "2171"]
[BlackElo "1661"]
[Result "1-0"]
[PlyCount "95"]
[EventDate "2013.04.12"]

1. e4 c5 2. Nf3 d6 3. d4 cxd4 4. Nxd4 a6 5. c4 Nc6 6. Nc3 e6 7. Be3 Be7 8. Be2
Bf6 9. O-O Nge7 10. Qd2 Nxd4 11. Bxd4 e5 12. Be3 O-O 13. Rfd1 Nc6 14. Nd5 Be6
15. Bb6 Qd7 16. Nxf6+ gxf6 17. Qh6 Qe7 18. Rd3 Kh8 19. Rad1 Rg8 20. b3 Rac8 21.
Qd2 Rg7 22. Rg3 Rg5 23. Qxd6 Rxg3 24. hxg3 Qe8 25. f4 Nd4 26. Bxd4 Rd8 27. Qb6
Rxd4 28. f5 Bc8 29. Qxf6+ Kg8 30. Rxd4 exd4 31. Qxd4 Bxf5 32. exf5 Qxe2 33. f6
h6 34. Qf4 Qd1+ 35. Kh2 Qh5+ 36. Qh4 Qg6 37. c5 Kh7 38. b4 Qc2 39. a3 a5 40.
Qd4 axb4 41. axb4 Qf5 42. b5 Kg6 43. c6 Qxb5 44. c7 Qh5+ 45. Kg1 Qf5 46. g4 Qe6
47. Qd3+ Kxf6 48. Qf5+ 1-0

[Event "XXXV C.to Italiano Seniores"]
[Site "Arco ITA"]
[Date "2013.04.13"]
[Round "2"]
[White "Cavatorta, Fosco"]
[Black "Facchetti, Gianni"]
[WhiteElo "1902"]
[BlackElo "2075"]
[Result "0-1"]
[PlyCount "98"]
[EventDate "2013.04.12"]

1. d4 Nf6 2. Nf3 d6 3. Nc3 c6 4. e4 Bg4 5. h3 Bh5 6. g4 Bg6 7. Qe2 e6 8. h4 h5
9. g5 Nfd7 10. Bh3 Be7 11. Be3 O-O 12. Nd2 d5 13. f4 dxe4 14. Ndxe4 Bxe4 15.
Nxe4 g6 16. O-O Re8 17. Qd3 Na6 18. c3 Nc7 19. Rad1 Nf8 20. c4 a5 21. Qe2 a4
22. Qf3 b5 23. cxb5 cxb5 24. Bg2 Nd5 25. Nc3 Nxc3 26. bxc3 Rc8 27. d5 Qc7 28.
Rd3 Red8 29. Qf2 Bc5 30. Rfd1 Bxe3 31. Qxe3 exd5 32. Bxd5 Re8 33. Qf3 Qc5+ 34.
Kg2 Re7 35. f5 Rce8 36. Rf1 Re2+ 37. Rf2 Rxf2+ 38. Qxf2 Qc7 39. fxg6 Nxg6 40.
Rf3 Re7 41. Rf6 Kg7 42. Rf3 Rd7 43. Qd4+ Qe5 44. Rd3 Nf4+ 45. Kf3 Nxd3 46.
Qxe5+ Nxe5+ 47. Ke4 Ng6 48. Bc6 Rc7 49. Kd5 Ne7+ 0-1

[Event "XXXV C.to Italiano Seniores"]
[Site "Arco ITA"]
[Date "2013.04.13"]
[Round "2"]
[White "Gardi, Giuseppe"]
[Black "Perich, Stefano"]
[WhiteElo "1999"]
[BlackElo "1890"]
[Result "1/2-1/2"]
[PlyCount "59"]
[EventDate "2013.04.12"]

1. d4 d5 2. Nf3 e6 3. e3 f5 4. c4 c6 5. Nc3 Nf6 6. g3 Bd6 7. c5 Bc7 8. b4 a6 9.
Bg2 O-O 10. O-O Nbd7 11. Bb2 Ne4 12. Nd2 Ndf6 13. f3 Nxd2 14. Qxd2 e5 15. dxe5
Bxe5 16. Rad1 Qe7 17. f4 Bc7 18. Rfe1 Bd7 19. a4 Rae8 20. b5 axb5 21. axb5 Qxc5
22. Ra1 Qe7 23. Qd4 Kh8 24. Bf3 Bd6 25. Kg2 Bc5 26. Qd3 Ne4 27. bxc6 bxc6 28.
Ne2 Nd6 29. Nd4 Nc4 30. Bc1 1/2-1/2

[Event "XXXV C.to Italiano Seniores"]
[Site "Arco ITA"]
[Date "2013.04.13"]
[Round "2"]
[White "Guaglianone, Mario"]
[Black "Bortolotti, Silvano"]
[WhiteElo "1986"]
[BlackElo "1778"]
[Result "1-0"]
[PlyCount "97"]
[EventDate "2013.04.12"]

1. Nf3 b6 2. d4 Bb7 3. Bf4 e6 4. Nbd2 Nf6 5. h3 c5 6. e3 Nc6 7. Be2 Be7 8. O-O
O-O 9. c3 d5 10. Ne5 Nd7 11. Nd3 Nf6 12. Rc1 c4 13. Ne5 Nxe5 14. dxe5 Nd7 15.
e4 b5 16. exd5 Bxd5 17. Bh2 Qb6 18. Bf3 Bxf3 19. Qxf3 f6 20. Qe2 fxe5 21. Bxe5
Bg5 22. Rcd1 Nxe5 23. Qxe5 Bxd2 24. Rxd2 Rf5 25. Qd6 Qxd6 26. Rxd6 Re8 27. Rfd1
Rf7 28. Re1 Rfe7 29. Re5 Rb8 30. Rdxe6 Rxe6 31. Rxe6 Kf7 32. Ra6 Rb7 33. Kf1
Re7 34. f3 Ke8 35. Kf2 Kd8 36. f4 Kc8 37. Rd6 Kc7 38. Rd2 a5 39. g4 Kc6 40. Kf3
Kc5 41. f5 h6 42. h4 b4 43. g5 h5 44. Kf4 Re1 45. f6 g6 46. Rf2 Kd6 47. Kf3 Re5
48. Rd2+ Ke6 49. Re2 1-0

[Event "XXXV C.to Italiano Seniores"]
[Site "Arco ITA"]
[Date "2013.04.13"]
[Round "2"]
[White "Marras, Giuseppe"]
[Black "Rosino, Antonio"]
[WhiteElo "1929"]
[BlackElo "2178"]
[Result "0-1"]
[PlyCount "126"]
[EventDate "2013.04.12"]

1. d4 Nf6 2. c4 g6 3. Nc3 d5 4. Bf4 Bg7 5. e3 O-O 6. Nf3 c5 7. Be2 cxd4 8. exd4
Nc6 9. O-O b6 10. Ne5 Bb7 11. Re1 dxc4 12. Nxc6 Bxc6 13. Bxc4 e6 14. Be5 Qd7
15. Qd3 Nd5 16. Rad1 Rad8 17. Nxd5 Bxd5 18. Bxd5 Qxd5 19. Bxg7 Kxg7 20. b3 Qa5
21. Qd2 Qxd2 22. Rxd2 Rd5 23. Re5 Rfd8 24. Rxd5 Rxd5 25. f4 g5 26. fxg5 Rxg5
27. Kf2 Kf6 28. Ke3 Ke7 29. h3 h5 30. Kf4 Rf5+ 31. Ke4 Kd6 32. g4 hxg4 33. hxg4
Rf1 34. Re2 Rg1 35. Kf4 Kd5 36. Rd2 Re1 37. Kg5 Rf1 38. Kh6 Ke4 39. g5 Ke3 40.
Rc2 Kxd4 41. Rc7 a5 42. Kg7 Rf5 43. Rc6 b5 44. g6 fxg6 45. Rxe6 g5 46. Kg6 Rd5
47. Kh5 Kc3 48. Kg4 b4 49. Kf3 Rd2 50. Rc6+ Kb2 51. Rc5 Kxa2 52. Rxa5+ Kxb3 53.
Rxg5 Kb2 54. Ke3 Rd8 55. Rb5 b3 56. Rb7 Kc2 57. Rc7+ Kb1 58. Rb7 b2 59. Rb6 Rd5
60. Rb7 Kc2 61. Rc7+ Kb3 62. Rb7+ Kc3 63. Ke2 Rd4 0-1

[Event "XXXV C.to Italiano Seniores"]
[Site "Arco ITA"]
[Date "2013.04.13"]
[Round "2"]
[White "Micheli, Carlo"]
[Black "Modena, Giorgio"]
[WhiteElo "2297"]
[BlackElo "1934"]
[Result "1-0"]
[PlyCount "55"]
[EventDate "2013.04.12"]

1. c4 c5 2. g3 g6 3. Bg2 Bg7 4. Nc3 Nc6 5. d3 d6 6. Bd2 Bd7 7. Rb1 Rb8 8. a3
Nf6 9. b4 b6 10. b5 Na5 11. Qc1 Nb7 12. Bh6 O-O 13. Bxg7 Kxg7 14. e4 e5 15.
Nge2 Qc8 16. O-O Bh3 17. f4 Bxg2 18. Kxg2 Nd8 19. fxe5 dxe5 20. Rxf6 Kxf6 21.
Qh6 Nb7 22. Nd5+ Ke6 23. Rf1 Qd8 24. Rf6+ Kd7 25. Qh3+ Ke8 26. Re6+ Kd7 27.
Rxb6+ f5 28. Qxh7+ 1-0

[Event "XXXV C.to Italiano Seniores"]
[Site "Arco ITA"]
[Date "2013.04.13"]
[Round "2"]
[White "Quagliarella, Sabino Remo"]
[Black "Antonelli, Fabrizio"]
[WhiteElo "1897"]
[BlackElo "2015"]
[Result "1/2-1/2"]
[PlyCount "95"]
[EventDate "2013.04.12"]

1. d4 Nf6 2. Nf3 g6 3. g3 Bg7 4. Bg2 O-O 5. O-O d6 6. c4 Nc6 7. Nc3 e5 8. Bg5
h6 9. Bxf6 Qxf6 10. Nd5 Qd8 11. dxe5 dxe5 12. e3 Bg4 13. Qd2 Qd7 14. Nc3 Rad8
15. Qxd7 Rxd7 16. h3 Be6 17. Rfd1 Rfd8 18. Rxd7 Rxd7 19. Bf1 f5 20. Rd1 Rxd1
21. Nxd1 Na5 22. Nd2 e4 23. a3 b6 24. Be2 Nc6 25. f4 Kf8 26. Kf2 Ke7 27. g4 Bf6
28. Kg3 a5 29. h4 a4 30. Nc3 Bxc3 31. bxc3 Na5 32. gxf5 gxf5 33. Bd1 Bd7 34.
Kf2 Kd6 35. Bc2 Kc5 36. Ke2 Nxc4 37. Nxc4 Kxc4 38. Kd2 b5 39. Bd1 c5 40. Kc2 b4
41. Be2+ Kd5 42. cxb4 cxb4 43. axb4 Kc6 44. Bc4 Kb6 45. Kc3 Kc6 46. Kd4 Kd6 47.
Kc3 Be8 48. Kd4 1/2-1/2

[Event "XXXV C.to Italiano Seniores"]
[Site "Arco ITA"]
[Date "2013.04.13"]
[Round "2"]
[White "Valenti, Giuseppe"]
[Black "Pipitone, Antonio"]
[WhiteElo "2191"]
[BlackElo "1930"]
[Result "1-0"]
[PlyCount "105"]
[EventDate "2013.04.12"]

1. e4 c5 2. Nf3 d6 3. d4 cxd4 4. Nxd4 Nf6 5. Nc3 g6 6. Be3 Bg7 7. f3 Nc6 8. Bc4
Bd7 9. Qd2 O-O 10. h4 h5 11. O-O-O Rc8 12. Bb3 Ne5 13. Bg5 Nc4 14. Qd3 Ne5 15.
Qd2 Nc4 16. Bxc4 Rxc4 17. Nde2 Qa5 18. Kb1 Rfc8 19. Bxf6 Bxf6 20. Nd5 Qb5 21.
Nxf6+ exf6 22. Nd4 Qb6 23. Rhe1 a5 24. Re2 a4 25. a3 Kh7 26. Qe3 Qc5 27. c3 Qb6
28. Nf5 Qxe3 29. Nxe3 R4c6 30. Nd5 Rd8 31. Nxf6+ Kg7 32. e5 Bf5+ 33. Kc1 Ra8
34. Nd5 dxe5 35. Rxe5 Ra5 36. Re7 Rd6 37. Ne3 Kf6 38. Nxf5 gxf5 39. Rc7 Rxd1+
40. Kxd1 Rb5 41. Kc2 Ke6 42. f4 Rb3 43. Rc4 b5 44. Rc5 Kf6 45. Rc6+ Kg7 46. g3
f6 47. Rc5 Kg6 48. Rd5 Kh6 49. Rxf5 Kg6 50. Rc5 Kh6 51. f5 Kg7 52. Rc7+ Kg8 53.
Rd7 1-0

[Event "XXXV C.to Italiano Seniores"]
[Site "Arco ITA"]
[Date "2013.04.14"]
[Round "3"]
[White "Albano, Marco"]
[Black "Facchetti, Gianni"]
[WhiteElo "2235"]
[BlackElo "2075"]
[Result "1/2-1/2"]
[PlyCount "111"]
[EventDate "2013.04.12"]

1. d4 Nf6 2. Bg5 d6 3. Nd2 Nbd7 4. e4 e5 5. c3 Be7 6. f4 h6 7. fxe5 hxg5 8.
exf6 Nxf6 9. Bc4 d5 10. exd5 Nxd5 11. Qf3 Be6 12. O-O-O Qd7 13. Ne2 O-O-O 14.
h3 Rhe8 15. g4 Qc6 16. Rhe1 Bd6 17. Kb1 Kb8 18. Bb3 Ne3 19. d5 Bxd5 20. Bxd5
Qxd5 21. Qxd5 Nxd5 22. Nc4 Bc5 23. Nd4 Bxd4 24. cxd4 f6 25. Kc2 b5 26. Na5 Ne3+
27. Rxe3 Rxe3 28. Nc6+ Kc8 29. Nxd8 Kxd8 30. Rh1 Kd7 31. h4 gxh4 32. Rxh4 Rg3
33. Kd2 Kd6 34. Ke2 Rg2+ 35. Kf3 Rxb2 36. Rh7 Rxa2 37. Rxg7 c6 38. Ke4 Ke6 39.
Rc7 Kd6 40. Rf7 Rf2 41. Rxa7 Rf1 42. Rf7 c5 43. dxc5+ Kxc5 44. Ke3 Rg1 45. Rxf6
Rxg4 46. Kd3 Rc4 47. Rf1 Kb4 48. Rb1+ Ka5 49. Ra1+ Kb6 50. Ra3 Rh4 51. Kc2 Kc5
52. Rg3 Kb4 53. Kb2 Rh2+ 54. Kb1 Ka4 55. Rf3 b4 56. Rg3 1/2-1/2

[Event "XXXV C.to Italiano Seniores"]
[Site "Arco ITA"]
[Date "2013.04.14"]
[Round "3"]
[White "Antonelli, Fabrizio"]
[Black "Giani, Franco"]
[WhiteElo "2015"]
[BlackElo "1934"]
[Result "1-0"]
[PlyCount "63"]
[EventDate "2013.04.12"]

1. e4 c5 2. Nf3 g6 3. Be2 Bg7 4. O-O Nc6 5. c3 d6 6. d4 cxd4 7. cxd4 Bd7 8. Nc3
a6 9. Be3 Nh6 10. h3 O-O 11. Qd2 e5 12. Bxh6 Nxd4 13. Bxg7 Nxf3+ 14. Bxf3 Kxg7
15. Qxd6 Qe8 16. Nd5 Qe6 17. Qxe6 fxe6 18. Nb6 Rad8 19. Nxd7 Rxd7 20. Rfd1 Rc7
21. Rac1 Re7 22. Rd6 h5 23. Rcd1 Rff7 24. Rb6 Kh6 25. Rdd6 Rf6 26. Be2 Kg7 27.
Bc4 Kf7 28. b3 g5 29. f3 h4 30. Bd5 Rc7 31. Rxe6 Rxe6 32. Rxe6 1-0

[Event "XXXV C.to Italiano Seniores"]
[Site "Arco ITA"]
[Date "2013.04.14"]
[Round "3"]
[White "Bisignano, Giuseppe"]
[Black "Barlocco, Carlo"]
[WhiteElo "1884"]
[BlackElo "2094"]
[Result "0-1"]
[PlyCount "122"]
[EventDate "2013.04.12"]

1. e4 e5 2. Nf3 Nc6 3. Bb5 Nf6 4. Qe2 Bc5 5. c3 Qe7 6. O-O O-O 7. d3 d6 8. h3
h6 9. Be3 Bd7 10. Nbd2 a6 11. Bxc6 Bxc6 12. Nh4 Bd7 13. d4 exd4 14. cxd4 Bb6
15. Qf3 Rfe8 16. Nf5 Bxf5 17. exf5 d5 18. Rfe1 Ne4 19. Nb3 Qh4 20. Nc5 Bxc5 21.
dxc5 c6 22. Rad1 Re7 23. Bf4 Nxc5 24. Bg3 Qf6 25. Rxe7 Qxe7 26. Qg4 Re8 27. f3
Qg5 28. Qxg5 hxg5 29. b4 Na4 30. Re1 Rxe1+ 31. Bxe1 Kf8 32. Kf2 Ke7 33. Ke3 Kf6
34. g4 Ke7 35. h4 gxh4 36. Bxh4+ f6 37. Kd4 Nb6 38. f4 Nc4 39. Be1 b6 40. a4
Kd6 41. Bc3 c5+ 42. Kd3 a5 43. bxc5+ bxc5 44. g5 Ke7 45. gxf6+ gxf6 46. Ba1 Nb6
47. Bc3 Nxa4 48. Bxa5 Nb2+ 49. Ke2 Nc4 50. Bc7 Nd6 51. Bb6 c4 52. Kf3 Nxf5 53.
Kg4 Ke6 54. Kf3 Ne7 55. Bd4 Nc6 56. Bc5 d4 57. Bb6 f5 58. Ke2 Kd5 59. Kf3 c3
60. Ke2 Kc4 61. Kd1 d3 0-1

[Event "XXXV C.to Italiano Seniores"]
[Site "Arco ITA"]
[Date "2013.04.14"]
[Round "3"]
[White "Bortolotti, Silvano"]
[Black "Blasco, Domenico"]
[WhiteElo "1778"]
[BlackElo "1933"]
[Result "0-1"]
[PlyCount "50"]
[EventDate "2013.04.12"]

1. e4 g6 2. Nc3 Bg7 3. f4 d6 4. Nf3 a6 5. a4 b6 6. Bc4 e6 7. O-O Ne7 8. Qe1 c5
9. d3 Nbc6 10. Ne2 O-O 11. Ng3 Qc7 12. c3 d5 13. Bb3 d4 14. e5 Na5 15. Ba2 dxc3
16. bxc3 Qd7 17. Qe2 Rd8 18. Rd1 Qxa4 19. Bb2 Qc6 20. Ne4 Nd5 21. Qd2 Bb7 22.
Bxd5 exd5 23. Nf6+ Bxf6 24. exf6 Qxf6 25. c4 d4 0-1

[Event "XXXV C.to Italiano Seniores"]
[Site "Arco ITA"]
[Date "2013.04.14"]
[Round "3"]
[White "Garvani, Vittorio"]
[Black "Bonfa', Ileano"]
[WhiteElo "1898"]
[BlackElo "2171"]
[Result "1/2-1/2"]
[PlyCount "108"]
[EventDate "2013.04.12"]

1. d4 Nf6 2. Nf3 g6 3. e3 Bg7 4. Bd3 O-O 5. O-O d6 6. Nbd2 c5 7. c3 Nc6 8. dxc5
dxc5 9. Ne4 Qb6 10. Nxf6+ Bxf6 11. h3 Rd8 12. Qe2 Qc7 13. e4 a6 14. a4 Be6 15.
Re1 Ne5 16. Bf4 Nxf3+ 17. Qxf3 Be5 18. Bxe5 Qxe5 19. Qe2 Rd7 20. Bc2 Rad8 21.
Rad1 Qg5 22. Rxd7 Rxd7 23. Rd1 Bxh3 24. f3 Rxd1+ 25. Bxd1 Be6 26. b4 Qc1 27.
Qc2 Qe3+ 28. Kh2 h5 29. bxc5 Qxc5 30. Qd3 Qe5+ 31. Kg1 Kh7 32. Qd4 Qf4 33. e5
Qxd4+ 34. cxd4 a5 35. Kf2 f6 36. f4 fxe5 37. fxe5 Kg7 38. Ke3 Bd5 39. g3 Kh6
40. Bf3 Bxf3 41. Kxf3 e6 42. Ke4 g5 43. d5 exd5+ 44. Kxd5 h4 45. gxh4 gxh4 46.
e6 h3 47. e7 h2 48. e8=Q h1=Q+ 49. Qe4 Qxe4+ 50. Kxe4 Kg6 51. Kd5 Kf5 52. Kc5
Ke5 53. Kb6 Kd5 54. Kxa5 Kc5 1/2-1/2

[Event "XXXV C.to Italiano Seniores"]
[Site "Arco ITA"]
[Date "2013.04.14"]
[Round "3"]
[White "Goli, Daniele"]
[Black "Valenti, Giuseppe"]
[WhiteElo "1982"]
[BlackElo "2191"]
[Result "0-1"]
[PlyCount "124"]
[EventDate "2013.04.12"]

1. d4 Nf6 2. c4 e6 3. Nc3 Bb4 4. Qc2 O-O 5. Bg5 h6 6. Bh4 c5 7. Nf3 cxd4 8.
Nxd4 a6 9. e3 Be7 10. Be2 d6 11. O-O Nbd7 12. Rfd1 Qc7 13. Rac1 b6 14. Bg3 Bb7
15. h3 Ne5 16. b3 Rac8 17. f4 Ned7 18. Bf3 Rfd8 19. Qe2 Bf8 20. Rc2 Qb8 21.
Rcd2 b5 22. Bxb7 Qxb7 23. Rc2 bxc4 24. bxc4 Rc7 25. f5 e5 26. Nb3 Rdc8 27. Na4
Qc6 28. Nb2 Qe4 29. Qd3 d5 30. c5 Qxd3 31. Nxd3 Bd6 32. Rcc1 Nxc5 33. Ndxc5
Bxc5 34. Rxc5 Rxc5 35. Nxc5 Rxc5 36. Bxe5 Ne4 37. Rb1 f6 38. Bd4 Rc2 39. Rb8+
Kh7 40. Rd8 Rxa2 41. Rxd5 h5 42. Rd7 Kh6 43. h4 Ra5 44. Re7 Ng3 45. Bb6 Ra1+
46. Kf2 Nxf5 47. Re4 Kg6 48. Bc7 Nh6 49. g3 a5 50. Re6 a4 51. Ra6 Ng4+ 52. Ke2
a3 53. Bb6 Rg1 54. Kf3 Ne5+ 55. Kf2 Ra1 56. Ra4 Kf5 57. Bd4 Ra2+ 58. Kf1 Ke4
59. Bxe5+ Kxe5 60. Kg1 Kd5 61. Kf1 Ra1+ 62. Ke2 a2 0-1

[Event "XXXV C.to Italiano Seniores"]
[Site "Arco ITA"]
[Date "2013.04.14"]
[Round "3"]
[White "Iudicello, Giovanni"]
[Black "Micheli, Carlo"]
[WhiteElo "2127"]
[BlackElo "2297"]
[Result "1/2-1/2"]
[PlyCount "56"]
[EventDate "2013.04.12"]

1. e4 c5 2. Nf3 e6 3. d4 cxd4 4. Nxd4 a6 5. Nc3 b5 6. Bd3 Qc7 7. O-O Nf6 8. Kh1
Bb7 9. f4 b4 10. e5 bxc3 11. exf6 gxf6 12. Qe2 h5 13. Be4 Bxe4 14. Qxe4 d5 15.
Qf3 f5 16. Re1 Be7 17. bxc3 Nc6 18. Be3 Na5 19. Nxf5 exf5 20. Qxd5 Rd8 21. Qxf5
Nc6 22. Bc5 Rd7 23. Re2 Nd8 24. Bd4 Rg8 25. Qh7 Kf8 26. Qh6+ Ke8 27. Qh7 Kf8
28. Qh6+ Ke8 1/2-1/2

[Event "XXXV C.to Italiano Seniores"]
[Site "Arco ITA"]
[Date "2013.04.14"]
[Round "3"]
[White "Modena, Giorgio"]
[Black "Bonollo, Sergio"]
[WhiteElo "1934"]
[BlackElo "1821"]
[Result "1-0"]
[PlyCount "61"]
[EventDate "2013.04.12"]

1. e4 d6 2. d4 Nf6 3. Bd3 g6 4. Ne2 Bg7 5. O-O O-O 6. f3 c5 7. c3 b6 8. e5 dxe5
9. dxe5 Nd5 10. Be4 e6 11. c4 Ba6 12. cxd5 Bxe2 13. Qxe2 exd5 14. Rd1 Bxe5 15.
Rxd5 Qe7 16. Rd2 Re8 17. Bxa8 Bxh2+ 18. Kf1 Qf8 19. Be4 Nc6 20. Nc3 Nd4 21. Qf2
Qd6 22. Nb5 Qe5 23. Nxd4 Bg3 24. Nc6 Qc7 25. Qe2 Re6 26. Rd8+ Kg7 27. Qe3 Rxc6
28. Qh6+ Kf6 29. Bg5+ Ke5 30. Qg7+ f6 31. Rd5+ 1-0

[Event "XXXV C.to Italiano Seniores"]
[Site "Arco ITA"]
[Date "2013.04.14"]
[Round "3"]
[White "Perich, Stefano"]
[Black "Laco, Giuseppe"]
[WhiteElo "1890"]
[BlackElo "2073"]
[Result "0-1"]
[PlyCount "118"]
[EventDate "2013.04.12"]

1. Nf3 f5 2. b3 Nf6 3. Bb2 e6 4. g3 b5 5. Bg2 Bb7 6. d3 Be7 7. O-O O-O 8. a4 b4
9. Nbd2 a5 10. Re1 Nd5 11. e4 Nc3 12. Bxc3 bxc3 13. Nc4 fxe4 14. dxe4 Bc5 15.
Qd3 d6 16. Red1 Qe7 17. Ne3 Bb4 18. Ne1 Nd7 19. f4 Ba6 20. Nc4 Nb6 21. Kh1 Rad8
22. Qd4 Bxc4 23. bxc4 e5 24. Qf2 Nxc4 25. f5 Nb2 26. Rdb1 Qe8 27. Nd3 Nxd3 28.
cxd3 c5 29. Rf1 Qh5 30. Qe3 Rf6 31. Bf3 Qh3 32. Bg2 Qh6 33. Qxh6 Rxh6 34. Bf3
g5 35. Bd1 Rf6 36. Bb3+ Kf8 37. g4 Ke7 38. Kg2 Rh6 39. Kg3 Rf8 40. Rf2 Rff6 41.
Raf1 Rh4 42. Bd1 Ba3 43. Bb3 Kf8 44. Bc4 Rfh6 45. Rh1 Kg7 46. h3 Rf6 47. Rb1
Bb4 48. Rh1 h5 49. Rfh2 Rh6 50. Bb3 Ba3 51. Bc2 Kf6 52. Bb3 Rh8 53. Bc2 Rb8 54.
Rb1 Bb2 55. Bd1 Rb4 56. gxh5 c4 57. Bc2 cxd3 58. Bxd3 Rxa4 59. Rc2 Rd4 0-1

[Event "XXXV C.to Italiano Seniores"]
[Site "Arco ITA"]
[Date "2013.04.14"]
[Round "3"]
[White "Rosino, Antonio"]
[Black "Guaglianone, Mario"]
[WhiteElo "2178"]
[BlackElo "1986"]
[Result "1/2-1/2"]
[PlyCount "73"]
[EventDate "2013.04.12"]

1. e4 g6 2. d4 Bg7 3. Nc3 d6 4. f4 b6 5. Nf3 e6 6. Bd3 Ne7 7. Be3 a6 8. O-O Nd7
9. Qd2 Nf6 10. Kh1 Ng4 11. Bg1 f5 12. h3 Nh6 13. Rae1 O-O 14. e5 d5 15. Ne2 Nf7
16. b3 Qd7 17. c4 Bb7 18. c5 a5 19. Nc3 Ba6 20. Bxa6 Rxa6 21. Qd3 Raa8 22. Rc1
bxc5 23. dxc5 Nc6 24. Ne2 Rfb8 25. a3 Nfd8 26. Be3 Rb7 27. Rb1 Rab8 28. Rb2 Bf8
29. Rc1 Rb5 30. Qd1 h6 31. Nc3 R5b7 32. Na4 Be7 33. Rcb1 Kf7 34. h4 h5 35. g3
Na7 36. Qd2 Ndc6 37. Nd4 1/2-1/2